书目信息 |
| 题名: |
幼儿园家长工作指导
|
|
| 作者: | 何桂香 主编 | |
| 分册: | ||
| 出版信息: | 北京 北京师范大学出版社 2012 |
|
| 页数: | 302页 | |
| 开本: | 24cm | |
| 丛书名: | 幼儿教师必备基本功丛书 | |
| 单 册: | ||
| 中图分类: | G616 | |
| 科图分类: | ||
| 主题词: | 家长工作(教育) , 幼儿园 , 幼儿园--家长工作(教育) | |
| 电子资源: | ||
| ISBN: | 978-7-303-14137-1 | |
| 000 | 01025oam2 2200289 45 | |
| 001 | 1355702749 | |
| 005 | 20130515150512.29 | |
| 010 | @a978-7-303-14137-1@dCNY36.00 | |
| 100 | @a20130108d2012 em y0chiy50 ea | |
| 101 | 0 | @achi |
| 102 | @aCN@b110000 | |
| 105 | @aa z 000yy | |
| 106 | @ar | |
| 200 | 1 | @a幼儿园家长工作指导@AYou Er Yuan Jia Chang Gong Zuo Zhi Dao@f何桂香主编@FHe Gui Xiang Zhu Bian |
| 210 | @a北京@c北京师范大学出版社@d2012 | |
| 215 | @a302页@c图, 照片@d24cm | |
| 225 | 2 | @a幼儿教师必备基本功丛书 |
| 300 | @a北京市教育科学“十二五”规划重点课题(ACA11068) “提高职初期幼儿教师班级管理能力的实践研究”课题成果 | |
| 330 | @a本书告诉年轻的幼儿教师怎样用不同的方式做好家长工作、如何应对家长提出的问题、怎样与不同类型的家长互动。 | |
| 461 | 0 | @12001 @a幼儿教师必备基本功丛书 |
| 606 | 0 | @a家长工作(教育) |
| 606 | 0 | @a幼儿园 |
| 606 | 0 | @a幼儿园@x家长工作(教育) |
| 690 | @aG616@v5 | |
| 701 | 0 | @a何桂香@AHe Gui Xiang@4主编 |
| 801 | @aCN@bTANGWEI@c20130111 | |
| 905 | @b0831737-41@dG616@e233@f5 | |
| 幼儿园家长工作指导/何桂香主编.-北京:北京师范大学出版社,2012 |
| 302页:图, 照片;24cm.-(幼儿教师必备基本功丛书) |
| 北京市教育科学“十二五”规划重点课题(ACA11068) “提高职初期幼儿教师班级管理能力的实践研究”课题成果 |
| ISBN 978-7-303-14137-1:CNY36.00 |
| 本书告诉年轻的幼儿教师怎样用不同的方式做好家长工作、如何应对家长提出的问题、怎样与不同类型的家长互动。 |
| ● |
| 相关链接 |
|
|
|
|
正题名:幼儿园家长工作指导
索取号:G616/233
 
预约/预借
| 序号 | 登录号 | 条形码 | 馆藏地/架位号 | 状态 | 备注 |
| 1 | 0831737 | 208317374 | 第一样本阅览室/ [索取号:G616/233] | 在馆 | |
| 2 | 0831738 | 208317383 | 第四借阅区/ [索取号:G616/233] | 在馆 | |
| 3 | 0831739 | 208317392 | 教育系资料室/ [索取号:G616/233] | 在馆 | |
| 4 | 0831740 | 208317409 | 教育系资料室/ [索取号:G616/233] | 在馆 | |
| 5 | 0831741 | 208317418 | 教育系资料室/ [索取号:G616/233] | 在馆 |